[Event "Geneve op 26th"]
[Site "Geneve"]
[Date "2009.12.28"]
[Round "4"]
[White "Khenkin, Igor"]
[Black "Jagstaidt, Patrick"]
[Result "1-0"]
[WhiteElo "2595"]
[BlackElo "2055"]
[PlyCount "83"]
[EventDate "2009.12.26"]
[EventType "swiss"]
[EventRounds "7"]
[EventCountry "SUI"]
[SourceTitle "EXT 2011"]
[Source "ChessBase"]
[SourceDate "2010.11.26"]
[SourceVersion "1"]
[SourceVersionDate "2010.11.26"]
[SourceQuality "1"]

1. d4 Nf6 2. c4 e6 3. Nc3 d5 4. cxd5 exd5 5. Bg5 Be7 6. e3 h6 7. Bh4 0-0 8. Bd3 b6 9. Nf3 Nbd7 10. Qa4 Bb7 11. Ba6 Bxa6 12. Qxa6 c6 13. Rc1 Ne4 14. Bxe7 Qxe7 15. 0-0 Nd6 16. b3 Rac8 17. Rc2 g5 18. Rfc1 g4 19. Ne1 Nb8 20. Qa3 Rfe8 21. Nd3 f6 22. Nf4 Qd7 23. h3 gxh3 24. Nxh3 Kf7 25. Nf4 Rg8 26. Nce2 Rg5 27. b4 Rcg8 28. Qd3 R8g7 29. Ng3 Qg4 30. Qe2 Qxe2 31. Rxe2 b5 32. a4 bxa4 33. Ra2 Kg8 34. Ne6 Rxg3 35. fxg3 Rxg3 36. Rxa4 Rxe3 37. Nd8 Re8 38. Nxc6 Nc4 39. Nxb8 Rxb8 40. Rxa7 Rxb4 41. Re1 Rb8 42. Re6 1-0

[Event "Lenk op 20th"]
[Site "Lenk"]
[Date "2008.03.22"]
[Round "4"]
[White "Jagstaidt, Patrick"]
[Black "Aerni, Andreas"]
[Result "0-1"]
[WhiteElo "2029"]
[BlackElo "2062"]
[PlyCount "72"]
[EventDate "2008.03.20"]
[EventType "swiss"]
[EventRounds "7"]
[EventCountry "SUI"]
[SourceTitle "CBM 123 Extra"]
[Source "ChessBase"]
[SourceDate "2008.05.06"]
[SourceVersion "1"]
[SourceVersionDate "2008.05.06"]
[SourceQuality "1"]

1. Nf3 d5 2. d3 Nc6 3. Nbd2 e5 4. e4 Nf6 5. g3 Bg4 6. h3 dxe4 7. dxe4 Bxf3 8. Qxf3 Nd4 9. Qd1 Bc5 10. c3 Ne6 11. Qb3 Bb6 12. a4 Nc5 13. Qc2 c6 14. b4 Ne6 15. Nc4 Bc7 16. Be3 0-0 17. Rd1 Qe7 18. Bg2 h5 19. 0-0 c5 20. f4 cxb4 21. cxb4 Rac8 22. Qb3 Nd7 23. f5 Nd4 24. Bxd4 exd4 25. Rxd4 h4 26. gxh4 Ne5 27. Kh1 Nxc4 28. Rxc4 Qe5 29. Kg1 Bb6+ 30. Kh1 Rxc4 31. Qxc4 Bc7 32. Kg1 Qh2+ 33. Kf2 Bg3+ 34. Kf3 Bxh4 35. Bh1 Rd8 36. Kg4 Qg3+ 0-1

[Event "Geneve op"]
[Site "Geneve"]
[Date "2007.01.21"]
[Round "2"]
[White "Jagstaidt, Patrick"]
[Black "Cornette, Matthieu"]
[Result "0-1"]
[WhiteElo "2065"]
[BlackElo "2482"]
[PlyCount "70"]
[EventDate "2007.01.20"]
[EventType "swiss"]
[EventRounds "9"]
[EventCountry "SUI"]
[SourceTitle "CBM 116 Extra"]
[Source "ChessBase"]
[SourceDate "2007.03.07"]
[SourceVersion "1"]
[SourceVersionDate "2007.03.07"]
[SourceQuality "1"]

1. d4 Nf6 2. c4 e6 3. Nf3 c5 4. e3 a6 5. Nc3 d5 6. cxd5 exd5 7. g3 Nc6 8. Bg2 Be7 9. 0-0 0-0 10. a3 Be6 11. Re1 Qc7 12. dxc5 Bxc5 13. b4 Ba7 14. Bb2 Rfd8 15. Rc1 Qe7 16. Nd4 Ne5 17. Nxe6 fxe6 18. Rc2 Nc4 19. Bc1 b5 20. Qf3 Rf8 21. Qd1 Rad8 22. Qd3 Kh8 23. Rd1 Ng4 24. h3 Nce5 25. Qf1 Nh6 26. Ne2 Nc4 27. Nd4 Rd6 28. Qe1 e5 29. Nb3 Qf7 30. Nd2 Nf5 31. Nxc4 bxc4 32. g4 Nh4 33. Qd2 Nxg2 34. Kxg2 d4 35. exd4 exd4 0-1

[Event "Geneve op"]
[Site "Geneve"]
[Date "2005.01.27"]
[Round "6"]
[White "Nabavi, Parwis"]
[Black "Jagstaidt, Patrick"]
[Result "0-1"]
[WhiteElo "2177"]
[BlackElo "2083"]
[PlyCount "60"]
[EventDate "2005.01.22"]
[EventType "swiss"]
[EventRounds "9"]
[EventCountry "SUI"]
[SourceTitle "CBM 104 Extra"]
[Source "ChessBase"]
[SourceDate "2005.03.01"]
[SourceVersion "1"]
[SourceVersionDate "2005.03.01"]
[SourceQuality "1"]

1. d4 Nf6 2. c4 e6 3. Nf3 b6 4. g3 Bb7 5. Bg2 Bb4+ 6. Bd2 Qe7 7. 0-0 Bxd2 8. Nbxd2 0-0 9. Qc2 d6 10. e4 Nbd7 11. Rad1 e5 12. d5 a5 13. Nh4 g6 14. b3 Nh5 15. Bh3 Rae8 16. Rde1 Bc8 17. a3 Nf4 18. Bg4 h5 19. Bd1 Nc5 20. Ng2 Nh3+ 21. Kh1 f5 22. Nh4 Qh7 23. b4 axb4 24. axb4 Nxe4 25. Nxe4 fxe4 26. Ng2 Re7 27. Ne3 Ref7 28. Re2 g5 29. c5 bxc5 30. bxc5 Ba6 0-1

[Event "Geneve op"]
[Site "Geneve"]
[Date "2005.01.25"]
[Round "4"]
[White "Jagstaidt, Patrick"]
[Black "Hanouna, Dan"]
[Result "0-1"]
[WhiteElo "2083"]
[BlackElo "2087"]
[PlyCount "98"]
[EventDate "2005.01.22"]
[EventType "swiss"]
[EventRounds "9"]
[EventCountry "SUI"]
[SourceTitle "CBM 104 Extra"]
[Source "ChessBase"]
[SourceDate "2005.03.01"]
[SourceVersion "1"]
[SourceVersionDate "2005.03.01"]
[SourceQuality "1"]

1. d4 Nf6 2. Nf3 e6 3. c4 b6 4. g3 Bb7 5. Bg2 Be7 6. 0-0 0-0 7. Nc3 Ne4 8. d5 Nxc3 9. bxc3 d6 10. Ba3 e5 11. Nxe5 Bf6 12. Ng4 Bxc3 13. Rc1 Ba5 14. e4 f5 15. exf5 Rxf5 16. Be4 Rf8 17. Qd3 h5 18. Nh6+ gxh6 19. Bh7+ Kh8 20. Bb2+ Rf6 21. Qg6 Nd7 22. Qxh6 Bd2 23. Qxh5 Nf8 24. Bc2+ Kg8 25. Qg4+ Kf7 26. Rcd1 Bh6 27. Rd3 Bc8 28. Qh5+ Kg8 29. Re1 Bd7 30. Bxf6 Qxf6 31. Rf3 Qg7 32. h3 Nh7 33. Bxh7+ Qxh7 34. Rf6 Bg7 35. Qf7+ Kh8 36. Rg6 Rf8 37. Rxg7 Rxf7 38. Rxh7+ Kxh7 39. Kg2 Kg7 40. f4 Kf8 41. Re4 Re7 42. Rxe7 Kxe7 43. g4 b5 44. Kf3 bxc4 45. Ke4 c6 46. dxc6 Bxc6+ 47. Kd4 d5 48. h4 Bd7 49. f5 Kf6 0-1

[Event "Geneve op"]
[Site "Geneve"]
[Date "2004.01.30"]
[Round "7"]
[White "Jagstaidt, Patrick"]
[Black "Sudan, Georges"]
[Result "1-0"]
[WhiteElo "2086"]
[BlackElo "2035"]
[PlyCount "73"]
[EventDate "2004.01.24"]
[EventType "swiss"]
[EventRounds "9"]
[EventCountry "SUI"]
[SourceTitle "CBM 098 Extra"]
[Source "ChessBase"]
[SourceDate "2004.03.10"]
[SourceVersion "2"]
[SourceVersionDate "2004.03.10"]
[SourceQuality "1"]

1. d4 Nf6 2. Nf3 g6 3. g3 Bg7 4. Bg2 0-0 5. 0-0 d5 6. Re1 c6 7. Nbd2 Nbd7 8. e4 Nxe4 9. Nxe4 dxe4 10. Rxe4 Nf6 11. Re2 Bg4 12. h3 Bxf3 13. Bxf3 Re8 14. Qd3 Qb6 15. c3 Rad8 16. Qc2 h6 17. g4 a5 18. Bd2 e6 19. Rae1 Rd7 20. Kg2 Red8 21. Bf4 Nd5 22. Be5 c5 23. Bxg7 Kxg7 24. dxc5 Qxc5 25. Re5 Qb6 26. c4 Nb4 27. Qc3 Kg8 28. Rb5 Qa7 29. Qf6 Rd2 30. Be4 R8d7 31. Bxg6 fxg6 32. Rxe6 Rg7 33. Re8+ Kh7 34. Qf8 g5 35. Qh8+ Kg6 36. Re6+ Kf7 37. Qe8# 1-0

[Event "Geneve op"]
[Site "Geneve"]
[Date "2004.01.28"]
[Round "5"]
[White "Jagstaidt, Patrick"]
[Black "Petrovic, Slobodan"]
[Result "1-0"]
[WhiteElo "2086"]
[BlackElo "2300"]
[PlyCount "83"]
[EventDate "2004.01.24"]
[EventType "swiss"]
[EventRounds "9"]
[EventCountry "SUI"]
[SourceTitle "CBM 098 Extra"]
[Source "ChessBase"]
[SourceDate "2004.03.10"]
[SourceVersion "2"]
[SourceVersionDate "2004.03.10"]
[SourceQuality "1"]

1. g3 d5 2. Nf3 Bg4 3. Bg2 Nd7 4. h3 Bh5 5. c4 e6 6. cxd5 exd5 7. Qb3 Nb6 8. a4 a5 9. Nc3 Bb4 10. g4 Bg6 11. Ne5 Ne7 12. d4 Nc6 13. Nxg6 hxg6 14. Be3 Ne7 15. 0-0 c6 16. Bf4 Nec8 17. Rad1 f5 18. f3 Bd6 19. Bxd6 Qxd6 20. e4 Qb4 21. Qc2 0-0 22. exd5 cxd5 23. f4 Ne7 24. Qe2 Qd6 25. Rfe1 Kf7 26. Nb5 Qd7 27. Qe5 Nc4 28. Qxe7+ Qxe7 29. Bxd5+ Ke8 30. Nc7+ Kd7 31. Rxe7+ Kxe7 32. Nxa8 Nxb2 33. Re1+ Kd6 34. Nb6 fxg4 35. Re6+ Kc7 36. Bg2 gxh3 37. Bxh3 Nd3 38. Nd5+ Kb8 39. Re4 Nb2 40. Bd7 g5 41. f5 Rf7 42. Re8+ 1-0

[Event "Geneve op"]
[Site "Geneve"]
[Date "1999.01.28"]
[Round "6"]
[White "Jagstaidt, Patrick"]
[Black "Schild, Christophe"]
[Result "0-1"]
[WhiteElo "2078"]
[BlackElo "2140"]
[PlyCount "100"]
[EventDate "1999.01.23"]
[EventType "swiss"]
[EventRounds "7"]
[EventCountry "SUI"]
[SourceTitle "CBM 068 Extra"]
[Source "ChessBase"]
[SourceDate "1999.03.01"]
[SourceVersion "1"]
[SourceVersionDate "1999.03.01"]
[SourceQuality "1"]

1. d4 Nf6 2. c4 c5 3. d5 b5 4. cxb5 a6 5. bxa6 Bxa6 6. Nc3 d6 7. e4 Bxf1 8. Kxf1 g6 9. Nf3 Bg7 10. g3 0-0 11. Kg2 Na6 12. Nd2 Nd7 13. Nc4 Nb6 14. Qe2 Nxc4 15. Qxc4 Qb6 16. Re1 Rfb8 17. Re2 Nb4 18. Rd2 Qa6 19. Qxa6 Rxa6 20. a3 c4 21. Nd1 Nd3 22. Kf1 Nc5 23. Re2 Nb3 24. Rb1 c3 25. Rc2 Nxc1 26. Rcxc1 cxb2 27. Rc2 Rxa3 28. Rbxb2 Bxb2 29. Rxb2 Rxb2 30. Nxb2 Ra1+ 31. Kg2 Rb1 32. Nd3 Rd1 33. Nf4 g5 34. Nh5 g4 35. h3 Re1 36. hxg4 Rxe4 37. Kf3 Re5 38. Nf4 Kf8 39. Kg2 Ke8 40. Kh3 Kd7 41. Kh4 h6 42. Kh3 Kc7 43. Kg2 Kb6 44. Kf3 Kb5 45. Ne2 Kc4 46. Nf4 Kc3 47. Kg2 e6 48. dxe6 fxe6 49. Kf3 d5 50. Ne2+ Rxe2 0-1

[Event "Geneve op"]
[Site "Geneve"]
[Date "1997.??.??"]
[Round "2"]
[White "Hobuss, Udo"]
[Black "Jagstaidt, Patrick"]
[Result "1-0"]
[WhiteElo "2410"]
[BlackElo "2110"]
[PlyCount "41"]
[EventDate "1997.01.??"]
[EventType "swiss"]
[EventRounds "9"]
[EventCountry "SUI"]
[SourceTitle "EXT 1998"]
[Source "ChessBase"]
[SourceDate "1997.11.17"]
[SourceVersion "1"]
[SourceVersionDate "1997.11.17"]
[SourceQuality "1"]

1. Nf3 d5 2. e3 c5 3. b3 Nf6 4. Bb2 g6 5. c4 e6 6. cxd5 exd5 7. d4 cxd4 8. Nxd4 Be7 9. Be2 0-0 10. 0-0 Nc6 11. Nc3 Be6 12. Nxc6 bxc6 13. Rc1 Qa5 14. Na4 Rac8 15. Qd4 c5 16. Nxc5 Rc6 17. Ne4 dxe4 18. Rxc6 Rd8 19. Qc3 Qxa2 20. Ra6 Qxb2 21. Qxb2 1-0

[Event "Geneve op"]
[Site "Geneve"]
[Date "1997.??.??"]
[Round "8"]
[White "Montavon, Gerard"]
[Black "Jagstaidt, Patrick"]
[Result "1-0"]
[WhiteElo "2090"]
[BlackElo "2110"]
[PlyCount "87"]
[EventDate "1997.01.??"]
[EventType "swiss"]
[EventRounds "9"]
[EventCountry "SUI"]
[SourceTitle "EXT 1998"]
[Source "ChessBase"]
[SourceDate "1997.11.17"]
[SourceVersion "1"]
[SourceVersionDate "1997.11.17"]
[SourceQuality "1"]

1. e4 e6 2. Nc3 c5 3. Nf3 d5 4. e5 d4 5. Ne4 Bd7 6. a4 Qc7 7. d3 Bc6 8. Qe2 Nd7 9. Bf4 Ngf6 10. exf6 Qxf4 11. g3 Qc7 12. fxg7 Bxg7 13. Bg2 Nf6 14. 0-0 0-0-0 15. Nxc5 h5 16. h4 Rd5 17. Nb3 Ng4 18. Nbd2 Re8 19. b4 b6 20. b5 Bb7 21. Rfc1 Kb8 22. Nc4 Rf5 23. Rf1 Bd5 24. Nfd2 Qd7 25. a5 Bxg2 26. Kxg2 Rxb5 27. axb6 axb6 28. Ne4 Rd8 29. Ncd6 Re5 30. Qf3 Qc6 31. Nxf7 Rf8 32. Nxe5 Nxe5 33. Qxh5 Qxc2 34. Rfd1 Nxd3 35. Qb5 Rxf2+ 36. Nxf2 Qxf2+ 37. Kh3 Nf4+ 38. Kg4 Nd5 39. Qe8+ Kb7 40. Qd7+ Nc7 41. Ra7+ Kxa7 42. Qxc7+ Ka6 43. Ra1+ Kb5 44. Rb1+ 1-0

[Event "Geneve op"]
[Site "Geneve"]
[Date "1996.??.??"]
[Round "1"]
[White "Barle, Janez"]
[Black "Jagstaidt, Patrick"]
[Result "1-0"]
[WhiteElo "2430"]
[BlackElo "2110"]
[PlyCount "79"]
[EventDate "1996.01.??"]
[EventType "swiss"]
[EventRounds "9"]
[EventCountry "SUI"]
[SourceTitle "CBM 051 Extra"]
[Source "ChessBase"]
[SourceDate "1996.05.01"]
[SourceVersion "1"]
[SourceVersionDate "1996.05.01"]
[SourceQuality "1"]

1. e4 e6 2. d4 d5 3. Nc3 Nf6 4. Bg5 dxe4 5. Nxe4 Be7 6. Bxf6 Bxf6 7. Nf3 0-0 8. Bc4 b6 9. Qe2 Bb7 10. 0-0-0 Bd5 11. Bd3 Nd7 12. c4 Bb7 13. h4 Qe7 14. g4 c5 15. dxc5 bxc5 16. g5 Bd4 17. Rhg1 Rab8 18. Nxd4 cxd4 19. Bc2 f5 20. gxf6 Nxf6 21. Ng5 e5 22. Rxd4 h6 23. Rd2 hxg5 24. hxg5 Ne8 25. Qh5 g6 26. Qxg6+ Qg7 27. Qe6+ Qf7 28. Qxe5 Qf4 29. Qe6+ Qf7 30. Bh7+ Kh8 31. Qh6 Qg7 32. Qh2 Qxh7 33. Qxb8 Qc7 34. Qxc7 Nxc7 35. Rd7 Rc8 36. Rgd1 Bc6 37. Rd8+ Rxd8 38. Rxd8+ Ne8 39. b4 Kg7 40. b5 1-0

[Event "Geneve op"]
[Site "Geneve"]
[Date "1996.??.??"]
[Round "7"]
[White "Brustman, Agnieszka"]
[Black "Jagstaidt, Patrick"]
[Result "1-0"]
[WhiteElo "2320"]
[BlackElo "2110"]
[PlyCount "123"]
[EventDate "1996.01.??"]
[EventType "swiss"]
[EventRounds "9"]
[EventCountry "SUI"]
[SourceTitle "CBM 051 Extra"]
[Source "ChessBase"]
[SourceDate "1996.05.01"]
[SourceVersion "1"]
[SourceVersionDate "1996.05.01"]
[SourceQuality "1"]

1. e4 d6 2. d4 Nf6 3. Bd3 g6 4. c3 Bg7 5. f4 0-0 6. Nf3 c5 7. dxc5 dxc5 8. e5 Nd5 9. Be4 e6 10. 0-0 f6 11. Na3 Nc6 12. Nc4 Nde7 13. Be3 b6 14. Qb3 Qc7 15. Rad1 Rb8 16. exf6 Bxf6 17. a4 Nd5 18. Bc1 Kg7 19. Rfe1 Nde7 20. Nd6 Bd7 21. Nb5 Qc8 22. Qc2 a6 23. Nd6 Qc7 24. Qe2 Nc8 25. Nxc8 Bxc8 26. Bd3 Ra8 27. Qe4 Re8 28. h4 Bb7 29. Qe2 e5 30. fxe5 Nxe5 31. Nxe5 Rxe5 32. Qg4 Rd8 33. Bc2 Qc6 34. Rxe5 Rxd1+ 35. Bxd1 Bxe5 36. h5 Bc8 37. Qg5 Qd6 38. Bf3 Bf5 39. hxg6 Bxg6 40. Be3 Kg8 41. Qg4 Bh2+ 42. Kh1 a5 43. Bh6 Be5 44. Qc8+ Kf7 45. Qb7+ Qc7 46. Qa8 Qd6 47. Qb7+ Qc7 48. Qd5+ Kf6 49. Bg4 Bf7 50. Qe4 Be6 51. Bh5 Bf5 52. Qa8 Qb8 53. Qd5 Be6 54. Qf3+ Ke7 55. Bg5+ Kd7 56. Qe4 Qc7 57. Qxh7+ Kc8 58. Qe4 Qd6 59. Bf3 Kd7 60. Qh7+ Ke8 61. Bh5+ Kf8 62. Bh6+ 1-0

[Event "Geneve op"]
[Site "Geneve"]
[Date "1996.??.??"]
[Round "4"]
[White "Jagstaidt, Patrick"]
[Black "Chenaux, Patrick"]
[Result "1-0"]
[WhiteElo "2110"]
[BlackElo "2245"]
[PlyCount "87"]
[EventDate "1996.01.??"]
[EventType "swiss"]
[EventRounds "9"]
[EventCountry "SUI"]
[SourceTitle "CBM 051 Extra"]
[Source "ChessBase"]
[SourceDate "1996.05.01"]
[SourceVersion "1"]
[SourceVersionDate "1996.05.01"]
[SourceQuality "1"]

1. d4 d5 2. c4 e6 3. Nf3 c6 4. g3 Nf6 5. Bg2 Nbd7 6. Qc2 Bd6 7. 0-0 0-0 8. b3 Qe7 9. Bb2 dxc4 10. bxc4 e5 11. e3 Re8 12. Nc3 Bc7 13. a4 Qb4 14. Nd2 exd4 15. exd4 Nf8 16. a5 Bxa5 17. c5 Bf5 18. Qc1 Qxd4 19. Rxa5 Qb4 20. Qa1 Rad8 21. Nf3 a6 22. Qa3 Qc4 23. Ra4 Qd3 24. Nh4 Bc8 25. Ne4 Nxe4 26. Qxd3 Rxd3 27. Rxe4 Rxe4 28. Bxe4 Rb3 29. Bc1 g6 30. Bh6 Ne6 31. Rd1 f5 32. Bb1 Rc3 33. Ba2 Kf7 34. Be3 Ke8 35. Bxe6 Bxe6 36. Rb1 Bc8 37. Kf1 Rc2 38. Nf3 Ra2 39. Nd2 Ra4 40. Ke2 Kf7 41. Kd3 Ra3+ 42. Rb3 Rxb3+ 43. Nxb3 Ke6 44. Kd4 1-0

[Event "Geneve op"]
[Site "Geneve"]
[Date "1996.??.??"]
[Round "8"]
[White "Jagstaidt, Patrick"]
[Black "David, Adrian"]
[Result "0-1"]
[WhiteElo "2110"]
[BlackElo "2315"]
[PlyCount "34"]
[EventDate "1996.01.??"]
[EventType "swiss"]
[EventRounds "9"]
[EventCountry "SUI"]
[SourceTitle "CBM 051 Extra"]
[Source "ChessBase"]
[SourceDate "1996.05.01"]
[SourceVersion "1"]
[SourceVersionDate "1996.05.01"]
[SourceQuality "1"]

1. d4 Nf6 2. c4 g6 3. Nc3 Bg7 4. e4 0-0 5. f4 d6 6. Nf3 Na6 7. e5 Nd7 8. Be2 c5 9. exd6 exd6 10. f5 cxd4 11. Nb5 d3 12. Qxd3 Ndc5 13. Qxd6 Bxf5 14. 0-0 Re8 15. Re1 Re6 16. Qf4 Qb6 17. Be3 Re4 0-1

[Event "Geneve op"]
[Site "Geneve"]
[Date "1996.??.??"]
[Round "6"]
[White "Jagstaidt, Patrick"]
[Black "Dittmar, Peter"]
[Result "0-1"]
[WhiteElo "2110"]
[BlackElo "2380"]
[PlyCount "58"]
[EventDate "1996.01.??"]
[EventType "swiss"]
[EventRounds "9"]
[EventCountry "SUI"]
[SourceTitle "CBM 051 Extra"]
[Source "ChessBase"]
[SourceDate "1996.05.01"]
[SourceVersion "1"]
[SourceVersionDate "1996.05.01"]
[SourceQuality "1"]

1. d4 d5 2. c4 e6 3. Nf3 c5 4. cxd5 exd5 5. g3 Nc6 6. Bg2 Nf6 7. 0-0 Be7 8. dxc5 Bxc5 9. Nbd2 0-0 10. Nb3 Bb6 11. Nbd4 Ne4 12. Bf4 Qf6 13. Nxc6 bxc6 14. Be5 Qe7 15. Rc1 Bb7 16. Qa4 Nd2 17. Nxd2 Qxe5 18. Rc2 Qxe2 19. Nc4 Qe6 20. Na5 Ba6 21. Rxc6 Qf5 22. Rd1 Qxf2+ 23. Kh1 Rae8 24. Rcc1 Re2 25. Rg1 Rxb2 26. Nc6 Rxa2 27. Ne7+ Kh8 28. Qb4 Rc2 29. Nxd5 Qxg2+ 0-1

[Event "Geneve op"]
[Site "Geneve"]
[Date "1995.??.??"]
[Round "7"]
[White "Sudan, Georges"]
[Black "Jagstaidt, Patrick"]
[Result "0-1"]
[WhiteElo "2045"]
[BlackElo "2170"]
[PlyCount "82"]
[EventDate "1995.??.??"]
[EventType "swiss"]
[EventRounds "9"]
[EventCountry "SUI"]
[SourceTitle "CBM 046 Extra"]
[Source "ChessBase"]
[SourceDate "1995.07.01"]
[SourceVersion "1"]
[SourceVersionDate "1995.07.01"]
[SourceQuality "1"]

1. e4 g6 2. d4 Bg7 3. Nc3 d6 4. Be3 Nf6 5. f3 0-0 6. Qd2 e5 7. Nge2 exd4 8. Nxd4 Nbd7 9. 0-0-0 Ne5 10. Bh6 Bd7 11. h4 a6 12. h5 Qe7 13. Bxg7 Kxg7 14. hxg6 fxg6 15. Qh6+ Kg8 16. Nde2 Qg7 17. Qg5 Be6 18. Nf4 Bf7 19. Nfd5 Nxd5 20. Nxd5 Bxd5 21. Rxd5 Qf6 22. Qxf6 Rxf6 23. Be2 Kg7 24. Kd2 h6 25. Ke3 g5 26. a4 Ng6 27. a5 Nf4 28. Rd4 Nxg2+ 29. Kf2 Nf4 30. Rb4 Nxe2 31. Kxe2 Rb8 32. Ra1 h5 33. Ra3 Rf7 34. Rab3 h4 35. Rxb7 h3 36. Kf2 Rxb7 37. Rxb7 g4 38. Rb3 h2 39. Kg2 gxf3+ 40. Kxh2 f2 41. Rg3+ Kf8 0-1